Tajikistan Country Quiz - Statistics

General Stats
  • This quiz has been taken 8 times
  • The average score is 11 of 17
Answer Stats
Hint Answer % Correct
Independent Since 1991
100%
Borders Afghanistan
100%
Main Ally China
100%
Borders China
100%
Borders Kyrgyzstan
100%
Former Part of Soviet Union
100%
Borders Uzbekistan
100%
Capital Dushanbe
86%
Main Religion Islam
86%
Number of Viloyats 3
57%
Main Language Persian
57%
Global Firepower Rating (out of 145) 100
29%
Form of Government Dictatorship
14%
Current Leader Emomali Rahmon
14%
Main Export Gold
14%
Tallest Mountain Ismoil Somoni Peak
0%
Currency Tajikistani Somoni
0%
No matching quizzes found
Score Distribution
Percent of People with Each Score
Percentile by Number Answered
Your Score History
You have not taken this quiz